00854 a2200229 4500003000500000005001700005010001600022020001500038040000900053082001600062100001800078245008800096260003700184300002900221490002600250500000600276505020800282650001700490650003400507740003000541740005300571Nust20221122131914.0 a 78011102 a0070634955 cNust00a621.381,TEM1 aTemes, Lloyd.10aSchaum's outline of theory and problems of electronic communication /cLloyd Temes. aNew York :bMcGraw-Hill,cc1979. a138 p. :bill. ;c28 cm.0 aSchaum outline series a  aAmplitude Modulation (Page-1), Frequency Modulation (Page-28), Television (Page-53), Tuned Circuits (Page-59), RF Amplifier s and Oscillators (Page-84), Transmission Lines (Page-97), Antennas (Page-118). 0aElectronics. 0aTelecommunication Engineering aElectronic communication. aTheory and problems of electronic communication.